000 00785nam a22002175i 4500
001 171825
003 ES-MaACL
005 20250826000756.0
008 090602s1970 sp |||| | spa d
080 _a681.3
100 1 _aSolomon, Irving I.
_9140446
245 1 0 _aUsos del computador
_b: un sencillo manual para ejecutivos /
_cIrving I. Solomon, Lawrence O. Weingart ; [traducción y adaptación Luís Rodríguez Menéndez, Alberto Martín Valencia].
260 _aMadrid :
_bCastillo,
_c[1970]
300 _a220 p. ;
_c22 cm.
650 1 4 _aOrdenadores.
_915740
700 1 _aWeingart, Lawrence O.
_9140447
700 1 _aRodríguez Menéndez, Luis
_998662
700 1 _aMartín Valencia, Alberto.
_9140448
852 _aES-MaACL
_jC-44676
_9R.74063
999 _c171825
_d171825